000 00383nam a22001577a 4500
003 OSt
005 20251124162037.0
008 251124b |||||||| |||| 00| 0 eng d
020 _a978-0-7868-9117-7
040 _cCL
100 _aMITCH ALBOM
245 _aFor one more day /
260 _aNew York :
_b Hyperion,
_cc2006.
300 _a197 pages ;
_c17 cm.
942 _2ddc
_cFIC.
_n0
999 _c6135
_d6135